<?xml version="1.0" encoding="UTF-8"?><?xml-stylesheet type="text/xsl" href="static/style.xsl"?><OAI-PMH xmlns="http://www.openarchives.org/OAI/2.0/" xmlns:xsi="http://www.w3.org/2001/XMLSchema-instance" xsi:schemaLocation="http://www.openarchives.org/OAI/2.0/ http://www.openarchives.org/OAI/2.0/OAI-PMH.xsd"><responseDate>2026-04-17T11:29:57Z</responseDate><request verb="GetRecord" identifier="oai:www.recercat.cat:2099.1/25591" metadataPrefix="marc">https://recercat.cat/oai/request</request><GetRecord><record><header><identifier>oai:recercat.cat:2099.1/25591</identifier><datestamp>2025-07-22T15:08:57Z</datestamp><setSpec>com_2072_1033</setSpec><setSpec>col_2072_452951</setSpec></header><metadata><record xmlns="http://www.loc.gov/MARC21/slim" xmlns:dcterms="http://purl.org/dc/terms/" xmlns:xsi="http://www.w3.org/2001/XMLSchema-instance" xmlns:doc="http://www.lyncode.com/xoai" xsi:schemaLocation="http://www.loc.gov/MARC21/slim http://www.loc.gov/standards/marcxml/schema/MARC21slim.xsd">
   <leader>00925njm 22002777a 4500</leader>
   <datafield ind2=" " ind1=" " tag="042">
      <subfield code="a">dc</subfield>
   </datafield>
   <datafield ind2=" " ind1=" " tag="720">
      <subfield code="a">Cantero Gubert, Toni</subfield>
      <subfield code="e">author</subfield>
   </datafield>
   <datafield ind2=" " ind1=" " tag="260">
      <subfield code="c">2013</subfield>
   </datafield>
   <datafield ind2=" " ind1=" " tag="520">
      <subfield code="a">The concept of energy storage is emerging as a solution to energy management, energy savings and performance improvement for power systems. From different technologies available, Flywheel Energy Storage Systems (FESS) are gaining importance because of high energy density, large number of discharge cycles, long lifetime, future potential advances and reduced costs for few minutes discharge time.&#xd;
In this thesis to integrate FESS in the railway power systems as a solution to overcome line voltage drop and irregular peak power loads is motivated by an economic evaluation of the installation. Three different cases are studied in order to retrofit to current Swedish network with the aiming of: improving energy transmission by delivering power on time between two traction stations; absorbing regenerative braking energy and delivering it when a train is moving from a valley to uphill; and reducing the peak power requested in current traction stations.</subfield>
   </datafield>
   <datafield ind2=" " ind1=" " tag="520">
      <subfield code="a">Outgoing</subfield>
   </datafield>
   <datafield tag="653" ind2=" " ind1=" ">
      <subfield code="a">Àrees temàtiques de la UPC::Energies::Tecnologia energètica::Emmagatzematge i transport de l’energia</subfield>
   </datafield>
   <datafield tag="653" ind2=" " ind1=" ">
      <subfield code="a">Energy storage</subfield>
   </datafield>
   <datafield tag="653" ind2=" " ind1=" ">
      <subfield code="a">Energia -- Emmagatzematge</subfield>
   </datafield>
   <datafield ind2="0" ind1="0" tag="245">
      <subfield code="a">Power boosting for railway power systems with flywheel energy storage system</subfield>
   </datafield>
</record></metadata></record></GetRecord></OAI-PMH>